| 000 -ლიდერი |
| ფიქსირებული სიგრძის საკონტროლო ველი |
00965nam a22001937a 4500 |
| 003 - საკონტროლო ნომრის იდენტიფიკატორი |
| საკონტროლო ველი |
Ge_BSU |
| 005 - ბოლო ოპერაციის თარიღი და დრო |
| საკონტროლო ველი |
20221201154040.0 |
| 008 - ფიქსირებული სიგრძის მონაცემთა ელემენტები - ზოგადი ინფორმაცია |
| ფიქსირებული სიგრძის საკონტროლო ველი |
221201s1982ge xxu||||| |||| 00| 0 geo d |
| 041 ## - ენის კოდი |
| Language code of text/sound track or separate title |
geo |
| 080 ## - უნივერსალური ათობითი კლასიფიკაციის ინდექსი |
| Universal Decimal Classification number |
821.351.12-32 გ-19 |
| 100 ## - მთავარი ჩანაწერი - პიროვნების სახელი |
| Personal name |
გამზათოვი, რასულ, ავტ |
| 9 (RLIN) |
16291 |
| 245 ## - ცნობა სათაურის შესახებ |
| Title |
ჩემი დაღესტანი / |
| Statement of responsibility, etc |
რასულ გამზათოვი, თარგმნა თ. ჩიჯავაძემ, ლექსების თარგმანი შ. ნიშნიანიძისა |
| 264 ## - წარმოების, გამოცემის, დისტრიბუციის და სხვა ცნობები |
| გამოცემის, წარმოების, დისტრიბუციის... ადგილი |
თბილისი : |
| გამოცემის, წარმოების, დისტრიბუციის... სახელწოდება |
საბჭ. საქართველო, |
| გამოცემის, წარმოების, დისტრიბუციის... თარიღი |
1982. |
| 300 ## - ფიზიკური აღწერა |
| Extent |
347 გვ. ; |
| Other physical details |
22 სმ. |
| 653 ## - INDEX TERM--UNCONTROLLED |
| Uncontrolled term |
ჩემი დაღესტანი |
| 700 ## - ADDED ENTRY--PERSONAL NAME |
| Personal name |
ჩიჯავაძე, თ |
| Relator term |
მთარგმნელი |
| 9 (RLIN) |
16292 |
| 700 ## - ADDED ENTRY--PERSONAL NAME |
| Personal name |
ნიშნიანიძე, შ |
| Relator term |
ლექსების მთარგმნელი |
| 9 (RLIN) |
3986 |
| 942 ## - ADDED ENTRY ELEMENTS (KOHA) |
| Source of classification or shelving scheme |
|
| Koha item type |
წიგნი |